La cuestión del género literario: casos de las letras hispánicas

Kaydedildi:
Detaylı Bibliyografya
Yazar: Matas, Julio (autor)
Materyal Türü: Kitap
Dil:İspanyolca
Baskı/Yayın Bilgisi: Madrid Gredos 1979
Seri Bilgileri:Biblioteca Románica Hispánica II. Estudios y Ensayos, 295
Konular:
Etiketler: Etiketle
Etiket eklenmemiş, İlk siz ekleyin!

MARC

LEADER 00000nam a2200000 a 4500
001 UCQ9908
003 CL-VaPUC
008 990127e19790000SP |||||||||||||||||spa|d
082 0 4 |a 801.95  |b MAT  |2 21 
100 |a Matas, Julio  |e autor  |9 424602 
245 1 3 |a La cuestión del género literario: casos de las letras hispánicas 
300 |a 253 p 
942 |c BK 
945 |d 19990127 00:00:00  |a cmena 
260 |a Madrid  |b Gredos  |c 1979 
650 0 |a Crítica literaria   |9 269189 
650 0 |a Crítica e interpretación   |9 255042 
650 0 |a Géneros literarios   |9 311945 
583 |a last modification  |c 19990127 00:00:00  |k Rodrigo Vera 
490 0 |a Biblioteca Románica Hispánica II. Estudios y Ensayos, 295 
999 |c 278808  |d 278806 
952 |0 0  |1 0  |4 0  |6 801_950000000000000_MAT_1979  |7 0  |8 A  |9 317590  |a FDOPOS  |b FDOPOS  |d 2019-11-20  |i 1321277  |o 801.95 MAT 1979  |p 1321277  |r 2025-01-22  |w 2019-11-20  |y BK  |k MLH